000 00366nam a22001571c 4500
001 a74652
008 051003s1961 gw |||| 000u rus d
041 _arus
100 1 _aSmirnov, Sergej S.
245 0 0 _aGeroi Brestskoj Kreposti
264 _aMoskva :
_bMolodaja Gvardija,
_c1961
300 _a235 S.
942 _cMG
040 _cRU-10907106
003 RU-10907106
999 _c5403
_d5403